[Event "Quebec-ch U20"]
[Site "Montreal CAN"]
[Date "2013.02.10"]
[Round "5"]
[White "Poulin, Mathieu"]
[Black "Kraiouchkine, Nikita"]
[Result "0-1"]
[WhiteElo "2025"]
[BlackElo "2325"]
[PlyCount "98"]
[EventDate "2013.02.08"]
[EventType "swiss"]
[EventRounds "5"]
[EventCountry "CAN"]

1. d4 Nf6 2. c4 c5 3. Nf3 cxd4 4. Nxd4 e5 5. Nb5 d5 6. cxd5 Bc5 7. e3 O-O 8.
N5c3 e4 9. Nd2 Re8 10. Bb5 Bd7 11. Be2 Re5 12. Qb3 Na6 13. O-O Bd6 14. Nc4 Nc5
15. Qc2 Qe7 16. Nxe5 Qxe5 17. g3 Nxd5 18. Nxd5 Qxd5 19. Rd1 Qe5 20. Bd2 Bc6 21.
Bc3 Qe6 22. Bd4 Nd7 23. Qc3 Ne5 24. Bxe5 Bxe5 25. Qb3 Qf6 26. Rd2 a5 27. Rad1
a4 28. Qb4 a3 29. Qxa3 Rc8 30. Qa5 g6 31. b4 Kg7 32. Bb5 Bc3 33. Rd6 Qf3 34.
Bxc6 Rxc6 35. Qb5 Ra6 36. a4 h5 37. h4 Kh7 38. Qe8 Be1 39. Rxe1 Rxd6 40. Qb5
Rd2 41. Rf1 Re2 42. Qxb7 Rxe3 43. a5 Rd3 44. a6 Rd1 45. a7 Rxf1+ 46. Kxf1 Qh1+
47. Ke2 Qf3+ 48. Ke1 Qh1+ 49. Kd2 e3+ 0-1

[Event "Pere Noel"]
[Site "Montreal CAN"]
[Date "2011.12.26"]
[Round "1"]
[White "Auger, Bertrand"]
[Black "Kraiouchkine, Nikita"]
[Result "0-1"]
[WhiteElo "1941"]
[BlackElo "2293"]
[PlyCount "58"]
[EventDate "2011.12.26"]
[EventType "swiss"]
[EventRounds "5"]
[EventCountry "CAN"]

1. Nf3 d5 2. g3 Nf6 3. Bg2 c6 4. c4 dxc4 5. Na3 b5 6. b3 cxb3 7. Qxb3 Be6 8.
Qc2 Bd5 9. O-O g6 10. d3 Bg7 11. e4 Be6 12. d4 O-O 13. Bb2 b4 14. Nc4 Nxe4 15.
Nce5 Bd5 16. Rfe1 f5 17. Nd3 a5 18. Nf4 a4 19. Nxd5 cxd5 20. Rad1 Nd7 21. Qc6
Nb6 22. Qe6+ Kh8 23. Rxe4 fxe4 24. Ng5 Qd6 25. Bh3 Qxe6 26. Nxe6 Rf3 27. Nc5
Nc4 28. Bc1 b3 29. axb3 axb3 0-1

[Event "Pere Noel"]
[Site "Montreal CAN"]
[Date "2011.12.27"]
[Round "2"]
[White "Kraiouchkine, Nikita"]
[Black "Forget, Luc"]
[Result "1-0"]
[WhiteElo "2250"]
[BlackElo "2000"]
[PlyCount "91"]
[EventDate "2011.12.26"]
[EventType "swiss"]
[EventRounds "5"]
[EventCountry "CAN"]

1. e4 e5 2. Nf3 Nc6 3. Bb5 a6 4. Ba4 Nf6 5. O-O Be7 6. Re1 b5 7. Bb3 O-O 8. h3
d6 9. c3 Bb7 10. d4 Re8 11. Ng5 Rf8 12. f4 Na5 13. Bc2 h6 14. Nf3 exd4 15. cxd4
d5 16. e5 Ne4 17. Nbd2 f5 18. exf6 Bxf6 19. Nxe4 dxe4 20. Ne5 Nc4 21. b3 Nd6
22. Qg4 Bc8 23. Qe2 Bb7 24. Bb2 Bd5 25. Ba3 c6 26. Rad1 Ra7 27. Bc5 Rb7 28.
Bxd6 Qxd6 29. Bxe4 Rc7 30. Bb1 Bh4 31. Rf1 Rf6 32. Qh5 g5 33. Ng4 Rcf7 34.
Nxf6+ Rxf6 35. Qe8+ Qf8 36. Qxf8+ Kxf8 37. fxg5 Bxg5 38. Rxf6+ Bxf6 39. Kf2 Ke7
40. g3 Kd6 41. h4 a5 42. Ke3 c5 43. dxc5+ Kxc5 44. Be4 Bg8 45. Rf1 Bb2 46. Rf5+
1-0

[Event "Pere Noel"]
[Site "Montreal CAN"]
[Date "2011.12.29"]
[Round "4"]
[White "Kraiouchkine, Nikita"]
[Black "Jiang, Louie"]
[Result "1-0"]
[WhiteElo "2293"]
[BlackElo "2360"]
[PlyCount "77"]
[EventDate "2011.12.26"]
[EventType "swiss"]
[EventRounds "5"]
[EventCountry "CAN"]

1. Nf3 Nf6 2. b3 g6 3. Bb2 d5 4. e3 Bg7 5. c4 dxc4 6. Bxc4 O-O 7. O-O a6 8. d4
b5 9. Bd3 Bb7 10. Nbd2 c5 11. a4 bxa4 12. Rxa4 Nc6 13. Qe2 Nb4 14. Bc4 Nfd5 15.
Rd1 a5 16. Ne5 Nb6 17. Raa1 Nc2 18. dxc5 Nxa1 19. cxb6 Qd6 20. Nf1 Bxe5 21.
Rxd6 exd6 22. Bxe5 dxe5 23. Qd1 a4 24. Qxa1 a3 25. Qa2 Rfd8 26. b4 Rd6 27. f3
Rxb6 28. b5 Rd6 29. e4 Rd1 30. Kf2 Rd4 31. Ne3 Bc8 32. Bxf7+ Kg7 33. Bd5 Raa4
34. Bb3 Ra5 35. Nc4 Rxb5 36. Qxa3 Rd7 37. Nd6 Rxb3 38. Ne8+ Kf7 39. Qxb3+ 1-0

[Event "Pere Noel"]
[Site "Montreal CAN"]
[Date "2011.12.30"]
[Round "5"]
[White "Kraiouchkine, Nikita"]
[Black "Castellanos, Renier"]
[Result "1/2-1/2"]
[WhiteElo "2293"]
[BlackElo "2498"]
[PlyCount "20"]
[EventDate "2011.12.26"]
[EventType "swiss"]
[EventRounds "5"]
[EventCountry "CAN"]

1. Nf3 Nf6 2. b3 g6 3. Bb2 Bg7 4. e3 O-O 5. d4 c5 6. Be2 cxd4 7. exd4 d5 8. O-O
Nc6 9. Ne5 Nd7 10. f4 Qb6 1/2-1/2

[Event "Montmagny op"]
[Site "Montmagny CAN"]
[Date "2011.11.11"]
[Round "1"]
[White "Dorion, Francois"]
[Black "Kraiouchkine, Nikita"]
[Result "0-1"]
[WhiteElo "1702"]
[BlackElo "2283"]
[PlyCount "66"]
[EventDate "2011.11.12"]
[EventType "swiss"]
[EventRounds "5"]
[EventCountry "CAN"]

1. e4 e5 2. Nf3 Nc6 3. Nc3 Nf6 4. Bb5 Bb4 5. Bxc6 dxc6 6. d3 Qd6 7. O-O Bg4 8.
Bd2 O-O 9. h3 Bh5 10. a3 Bc5 11. Na4 Bd4 12. Bb4 c5 13. Bd2 c4 14. Bb4 c5 15.
Bd2 cxd3 16. c3 Bxf3 17. Qxf3 Qc6 18. cxd4 Qxa4 19. dxe5 Nxe4 20. Be3 Qc6 21.
Rfd1 c4 22. Rac1 Qd5 23. Qg4 f5 24. exf6 Rxf6 25. f3 Nd6 26. Rd2 Qe6 27. Qxe6+
Rxe6 28. Bc5 b5 29. b4 Nf5 30. Kf2 Rae8 31. Bxa7 Re2+ 32. Rxe2 Rxe2+ 33. Kg1 d2
0-1

[Event "Montmagny op"]
[Site "Montmagny CAN"]
[Date "2011.11.12"]
[Round "2"]
[White "Kraiouchkine, Nikita"]
[Black "Cote-Lalumiere, Tristan"]
[Result "1-0"]
[WhiteElo "2283"]
[BlackElo "1900"]
[PlyCount "65"]
[EventDate "2011.11.12"]
[EventType "swiss"]
[EventRounds "5"]
[EventCountry "CAN"]

1. e4 c5 2. Nf3 d6 3. d4 cxd4 4. Nxd4 Nf6 5. Nc3 g6 6. Be3 Bg7 7. f3 Nc6 8. Qd2
O-O 9. Bc4 Bd7 10. Bb3 Rc8 11. O-O-O Ne5 12. Bh6 Nc4 13. Bxc4 Rxc4 14. Bxg7
Kxg7 15. h4 h5 16. g4 Rh8 17. g5 Nh7 18. e5 Qb6 19. Qf4 Rhc8 20. exd6 e6 21.
Rhe1 a5 22. Re4 Kg8 23. Nf5 Rxe4 24. Nh6+ Kh8 25. fxe4 Rf8 26. e5 Kg7 27. Qd4
Qc6 28. Ne4 Rc8 29. c3 b5 30. Rf1 Rf8 31. Nc5 a4 32. Nxd7 Qxd7 33. Qb6 1-0

[Event "Montmagny op"]
[Site "Montmagny CAN"]
[Date "2011.11.12"]
[Round "3"]
[White "Kraiouchkine, Nikita"]
[Black "Corriveau, Philippe"]
[Result "1-0"]
[WhiteElo "2283"]
[BlackElo "1993"]
[PlyCount "59"]
[EventDate "2011.11.12"]
[EventType "swiss"]
[EventRounds "5"]
[EventCountry "CAN"]

1. e4 e5 2. Nf3 Nc6 3. Bb5 Nf6 4. O-O Nxe4 5. d4 Nd6 6. Bxc6 dxc6 7. dxe5 Nf5
8. Qxd8+ Kxd8 9. Rd1+ Ke8 10. b3 Be7 11. Nc3 Be6 12. Ng5 Bd7 13. Nxf7 Kxf7 14.
Rxd7 Rac8 15. Bb2 Ke6 16. Rd3 Rhf8 17. Ne4 Nh4 18. g3 Nf3+ 19. Kg2 Nxe5 20. Rd2
Kf5 21. Re1 Bf6 22. Nxf6 gxf6 23. Bxe5 fxe5 24. Rd7 h6 25. Re7 Rfd8 26. R1xe5+
Kf6 27. R5e6+ Kf5 28. f4 h5 29. Rh6 Rd5 30. Kf3 1-0

[Event "Montmagny op"]
[Site "Montmagny CAN"]
[Date "2011.11.13"]
[Round "4"]
[White "Sambuev, Bator"]
[Black "Kraiouchkine, Nikita"]
[Result "1-0"]
[WhiteElo "2568"]
[BlackElo "2283"]
[PlyCount "113"]
[EventDate "2011.11.12"]
[EventType "swiss"]
[EventRounds "5"]
[EventCountry "CAN"]

1. c4 e5 2. Nc3 Nc6 3. e3 g6 4. d4 exd4 5. exd4 Bg7 6. Nf3 d6 7. Bg5 Nge7 8. d5
Ne5 9. Nxe5 Bxe5 10. Ne4 f5 11. Nc3 h6 12. Be3 f4 13. Bd4 Nf5 14. Bxe5 dxe5 15.
Bd3 Qg5 16. Ne4 Qh4 17. Qa4+ Bd7 18. Qa3 Ne3 19. g3 fxg3 20. fxg3 Qe7 21. Qxe7+
Kxe7 22. Kd2 Nf5 23. Rae1 b6 24. Kc3 Rae8 25. Nd2 Kd6 26. b4 c6 27. g4 cxd5 28.
cxd5 Nh4 29. Rhf1 Rhf8 30. Nc4+ Kxd5 31. Rxf8 Rxf8 32. Rxe5+ Kc6 33. Re7 Nf3
34. Bxg6 b5 35. Be4+ Kc7 36. Bf5 Rxf5 37. gxf5 bxc4 38. f6 Kd6 39. a4 a6 40. a5
Ng5 41. h4 Ne6 42. Rh7 Bb5 43. Rb7 Ke5 44. f7 Kf6 45. h5 Kg7 46. Re7 Nd8 47.
Rc7 Nc6 48. Rd7 Kf8 49. Rd6 Kxf7 50. Rxh6 Ne7 51. Rd6 Nf5 52. Rb6 Ng3 53. Rxb5
axb5 54. a6 Ne2+ 55. Kd2 Nf4 56. a7 c3+ 57. Kc2 1-0

[Event "Varennes inv."]
[Site "Varennes CAN"]
[Date "2011.11.05"]
[Round "2"]
[White "Kraiouchkine, Nikita"]
[Black "Masse, Hugues"]
[Result "1/2-1/2"]
[WhiteElo "2276"]
[BlackElo "2294"]
[PlyCount "85"]
[EventDate "2011.11.04"]
[EventType "tourn"]
[EventRounds "5"]
[EventCountry "CAN"]

1. e4 c5 2. Nf3 d6 3. d4 cxd4 4. Nxd4 Nf6 5. Nc3 a6 6. Bc4 e6 7. Bb3 Nbd7 8. f4
Nc5 9. f5 Bd7 10. fxe6 fxe6 11. O-O Be7 12. Bg5 b5 13. Qf3 Nxb3 14. axb3 b4 15.
Nce2 O-O 16. Qd3 Qb6 17. Kh1 Qb7 18. Ng3 h6 19. Bd2 Ng4 20. Rxf8+ Bxf8 21. Qc4
Nf2+ 22. Kg1 Nxe4 23. Nxe4 d5 24. Qe2 dxe4 25. c4 bxc3 26. Bxc3 Qd5 27. Ra5 Qb7
28. Re5 Bd6 29. Rxe4 e5 30. Nf3 Bc6 31. Rg4 Bxf3 32. gxf3 Rf8 33. Bxe5 Bxe5 34.
Qxe5 Rxf3 35. Qe6+ Qf7 36. Qxf7+ Kxf7 37. Rb4 Rf6 38. Rb7+ Kg8 39. b4 Rf7 40.
Rb6 Rf6 41. Rb8+ Rf8 42. Rb6 Rf6 43. Rb8+ 1/2-1/2

[Event "Varennes inv."]
[Site "Varennes CAN"]
[Date "2011.11.05"]
[Round "3"]
[White "Roy, Myriam"]
[Black "Kraiouchkine, Nikita"]
[Result "1/2-1/2"]
[WhiteElo "2088"]
[BlackElo "2276"]
[PlyCount "95"]
[EventDate "2011.11.04"]
[EventType "tourn"]
[EventRounds "5"]
[EventCountry "CAN"]

1. e4 e5 2. Nf3 Nc6 3. d4 exd4 4. Nxd4 Nf6 5. Nc3 Bb4 6. Nxc6 bxc6 7. Bd3 d5 8.
exd5 Qe7+ 9. Qe2 Qxe2+ 10. Bxe2 cxd5 11. Bd2 c6 12. O-O-O O-O 13. Bd3 Re8 14.
Rde1 Bb7 15. f3 Nd7 16. Na4 Bd6 17. Bf5 Nb6 18. Nc3 Nc4 19. Bg5 h6 20. Bh4 Bf4+
21. Kb1 Bd2 22. Rxe8+ Rxe8 23. Bd3 Ba6 24. Na4 Rb8 25. Bxc4 Bxc4 26. Bf2 Re8
27. Rg1 a5 28. Nc5 Bf4 29. g3 Bd6 30. b3 Be2 31. Re1 Re7 32. f4 g5 33. fxg5
hxg5 34. Kc1 Kf8 35. Bd4 Bg4 36. Rxe7 Kxe7 37. Nb7 Bc7 38. Bc3 a4 39. bxa4 Bc8
40. Nc5 Bb6 41. Bb4 Kf6 42. a5 Bxc5 43. Bxc5 Kf5 44. h4 gxh4 45. gxh4 Kg4 46.
Bf2 f5 47. Kd2 f4 48. Ke1 1/2-1/2

[Event "Varennes inv."]
[Site "Varennes CAN"]
[Date "2011.11.06"]
[Round "4"]
[White "Caire, Francois"]
[Black "Kraiouchkine, Nikita"]
[Result "1/2-1/2"]
[WhiteElo "2272"]
[BlackElo "2276"]
[PlyCount "88"]
[EventDate "2011.11.04"]
[EventType "tourn"]
[EventRounds "5"]
[EventCountry "CAN"]

1. Nf3 d5 2. d4 Nf6 3. c4 c6 4. e3 Bg4 5. h3 Bxf3 6. Qxf3 e6 7. Nc3 a6 8. Bd3
b5 9. cxd5 cxd5 10. O-O Nc6 11. Bd2 Qb6 12. Qg3 g6 13. e4 b4 14. Na4 Qxd4 15.
Qc7 Ne5 16. Bg5 Bg7 17. Rad1 O-O 18. Be3 Qxd3 19. Rxd3 Nxd3 20. Nb6 Rad8 21. e5
Ne4 22. f4 d4 23. Bc1 Ng3 24. Bd2 Nxf1 25. Kxf1 g5 26. g3 f6 27. Qc2 fxe5 28.
Qxd3 exf4 29. gxf4 a5 30. Qe4 Rf6 31. Nc4 Rdf8 32. Ke1 gxf4 33. Nxa5 f3 34. Kf2
Rg6 35. Bxb4 Rg2+ 36. Kf1 Re2 37. Qd3 Re3 38. Qc4 d3 39. Bd2 Re2 40. Qxd3 Rh2
41. Nc4 Rh1+ 42. Kf2 Rh2+ 43. Kf1 Rh1+ 44. Kf2 Rh2+ 1/2-1/2

[Event "Varennes inv."]
[Site "Varennes CAN"]
[Date "2011.11.06"]
[Round "5"]
[White "Kraiouchkine, Nikita"]
[Black "Leveille, Francois"]
[Result "1-0"]
[WhiteElo "2276"]
[BlackElo "2309"]
[PlyCount "73"]
[EventDate "2011.11.04"]
[EventType "tourn"]
[EventRounds "5"]
[EventCountry "CAN"]

1. e4 c6 2. d4 d5 3. Nc3 dxe4 4. Nxe4 Bf5 5. Ng3 Bg6 6. h4 h6 7. Nf3 Nd7 8. h5
Bh7 9. Bd3 Bxd3 10. Qxd3 e6 11. Bf4 Qa5+ 12. Bd2 Bb4 13. c3 Be7 14. c4 Qc7 15.
O-O-O Ngf6 16. Bc3 b5 17. Ne5 O-O 18. f4 bxc4 19. Qxc4 Rac8 20. f5 Nb6 21. Qe2
Nfd5 22. fxe6 Nxc3 23. exf7+ Rxf7 24. bxc3 Nd5 25. Ne4 Ba3+ 26. Kc2 Re7 27. Qc4
Re6 28. Rhe1 Rce8 29. Qb3 Bf8 30. Rb1 Kh7 31. Rb2 Nb6 32. Kb1 c5 33. Rf1 Rxe5
34. dxe5 Qxe5 35. Re2 Qxh5 36. Qc2 Kh8 37. Ng3 1-0

[Event "Montreal op"]
[Site "Montreal CAN"]
[Date "2011.09.09"]
[Round "1.10"]
[White "Hajiyev, Elshad"]
[Black "Kraiouchkine, Nikita"]
[Result "1/2-1/2"]
[WhiteElo "2041"]
[BlackElo "2181"]
[PlyCount "90"]
[EventDate "2011.09.09"]
[EventType "swiss"]
[EventRounds "5"]
[EventCountry "CAN"]

1. d4 d5 2. Nf3 Nf6 3. Bf4 c6 4. e3 Qb6 5. Qc1 Nh5 6. Bg3 Nxg3 7. hxg3 e6 8.
Nbd2 Nd7 9. c3 c5 10. Bd3 Bd6 11. Qc2 h6 12. e4 cxd4 13. cxd4 dxe4 14. Nxe4
Qa5+ 15. Kf1 Be7 16. Rc1 f5 17. Ned2 O-O 18. Nb3 Qd5 19. Bc4 Qd6 20. g4 fxg4
21. Rxh6 Nf6 22. Ng5 Qf4 23. Rxf6 Qxg5 24. Rxf8+ Kxf8 25. Qh7 b5 26. Qh8+ Kf7
27. Bd3 Bb7 28. Qh2 g3 29. Qxg3 Qxg3 30. fxg3 a6 31. Rc7 Bd5 32. Bc2 Kf6 33. g4
Rf8 34. Ke2 Rf7 35. Ra7 Bxg2 36. Rxa6 Bd5 37. Nd2 Kg5 38. Ra7 Kxg4 39. Be4 Bxe4
40. Nxe4 g5 41. Nd6 Rh7 42. Nxb5 Rh2+ 43. Kd3 Rxb2 44. Rxe7 Rxb5 45. Rxe6 Ra5
1/2-1/2

[Event "Montreal op"]
[Site "Montreal CAN"]
[Date "2011.09.10"]
[Round "2.12"]
[White "Kraiouchkine, Nikita"]
[Black "Auger, Bertrand"]
[Result "1-0"]
[WhiteElo "2181"]
[BlackElo "1948"]
[PlyCount "57"]
[EventDate "2011.09.09"]
[EventType "swiss"]
[EventRounds "5"]
[EventCountry "CAN"]

1. e4 e6 2. d4 d5 3. Nc3 Bb4 4. e5 c5 5. a3 Bxc3+ 6. bxc3 Ne7 7. Qg4 Qc7 8.
Qxg7 Rg8 9. Qxh7 cxd4 10. Ne2 Nbc6 11. f4 Bd7 12. Qd3 dxc3 13. Qxc3 Nf5 14. Be3
Rc8 15. Bf2 Qd8 16. Qd2 Na5 17. Nd4 Nxd4 18. Bxd4 Nc4 19. Bxc4 Rxc4 20. g3 Qc7
21. c3 Ra4 22. O-O Bb5 23. Rf2 b6 24. f5 Qe7 25. f6 Qf8 26. Qb2 Bc4 27. Bxb6
axb6 28. Qxb6 Ra6 29. Qc7 1-0

[Event "Montreal op"]
[Site "Montreal CAN"]
[Date "2011.09.10"]
[Round "3.7"]
[White "Ramaswamy, Kishor"]
[Black "Kraiouchkine, Nikita"]
[Result "0-1"]
[WhiteElo "2140"]
[BlackElo "2181"]
[PlyCount "102"]
[EventDate "2011.09.09"]
[EventType "swiss"]
[EventRounds "5"]
[EventCountry "CAN"]

1. d4 d5 2. Nf3 Nf6 3. Bg5 Ne4 4. Bh4 c6 5. e3 Qb6 6. Qc1 Bf5 7. Nbd2 Nd7 8. c4
e6 9. Be2 h6 10. Nxe4 Bxe4 11. O-O g5 12. Bg3 f6 13. Nd2 Bg6 14. c5 Qd8 15. b4
e5 16. f4 Bg7 17. f5 Bf7 18. Bf2 Qc7 19. e4 O-O 20. Re1 a5 21. a3 b6 22. exd5
Bxd5 23. cxb6 Nxb6 24. Bf3 axb4 25. axb4 Rxa1 26. Qxa1 Bxf3 27. Nxf3 Nd5 28.
Qa2 Rb8 29. Bg3 Qb6 30. Kh1 Qxb4 31. dxe5 fxe5 32. Bxe5 Bxe5 33. Rxe5 g4 34.
Ng1 Qb2 35. Qxb2 Rxb2 36. Re2 Rxe2 37. Nxe2 Ne7 38. Ng3 Kf7 39. h3 gxh3 40.
gxh3 Kf6 41. Kg2 Nxf5 42. Ne2 Ke5 43. Kf2 c5 44. Nc1 Ke4 45. Nb3 c4 46. Nc5+
Kd4 47. Ne6+ Kd5 48. Nc7+ Ke4 49. Nb5 Kd3 50. Na3 c3 51. Kf3 Nd6 0-1

[Event "Montreal op"]
[Site "Montreal CAN"]
[Date "2011.09.11"]
[Round "5.8"]
[White "Kraiouchkine, Nikita"]
[Black "Qin, Zi Yi (Joey)"]
[Result "1/2-1/2"]
[WhiteElo "2181"]
[BlackElo "2166"]
[PlyCount "90"]
[EventDate "2011.09.09"]
[EventType "swiss"]
[EventRounds "5"]
[EventCountry "CAN"]

1. e4 c5 2. Nf3 d6 3. d4 cxd4 4. Nxd4 Nf6 5. Nc3 a6 6. Bc4 e6 7. Bb3 Nbd7 8. f4
Nc5 9. f5 Be7 10. fxe6 fxe6 11. O-O O-O 12. Nf5 b5 13. Qd4 Nxb3 14. Nxe7+ Qxe7
15. axb3 e5 16. Qd3 b4 17. Nd5 Nxd5 18. Rxf8+ Kxf8 19. Qxd5 Bb7 20. Qc4 Rc8 21.
Bg5 Qf7 22. Qxb4 Kg8 23. Qxd6 Rf8 24. Be3 Bxe4 25. c4 Qb7 26. Bc5 Re8 27. Qxa6
Qxb3 28. Qb5 Qxb5 29. cxb5 Rc8 30. b4 Bb7 31. Ra7 Rc7 32. Bd6 Rd7 33. Bxe5 Rd5
34. Bxg7 Rxb5 35. Bc3 Kf7 36. Ra5 Rxa5 37. bxa5 Ke6 38. Kf2 Kd7 39. g4 Kc8 40.
Ke3 Bd5 41. h4 Kb7 42. h5 Ba2 43. g5 Bb1 44. g6 Bxg6 45. hxg6 hxg6 1/2-1/2

[Event "Quebec op inv."]
[Site "Montreal CAN"]
[Date "2011.07.23"]
[Round "1"]
[White "Kraiouchkine, Nikita"]
[Black "Noritsyn, Nikolay"]
[Result "0-1"]
[WhiteElo "2170"]
[BlackElo "2425"]
[PlyCount "60"]
[EventDate "2011.07.23"]
[EventType "swiss"]
[EventRounds "9"]
[EventCountry "CAN"]

1. e4 c5 2. Nf3 e6 3. d4 cxd4 4. Nxd4 a6 5. Bd3 Ne7 6. b3 Ng6 7. Bb2 Bd6 8. g3
b5 9. a4 bxa4 10. Rxa4 Bb7 11. Nd2 O-O 12. Qh5 Be7 13. O-O d6 14. f4 Bf6 15. h4
Nd7 16. Kh2 e5 17. f5 exd4 18. fxg6 hxg6 19. Qa5 Nc5 20. Qxd8 Rfxd8 21. Rc4
Nxd3 22. cxd3 d5 23. Rc7 Bc8 24. exd5 Bf5 25. Ne4 Be5 26. Rc5 Rab8 27. d6 f6
28. Rc4 Be6 29. Ra4 Bxb3 30. Rxd4 Bc2 0-1

[Event "Quebec op inv."]
[Site "Montreal CAN"]
[Date "2011.07.24"]
[Round "2"]
[White "Jiang, Louie"]
[Black "Kraiouchkine, Nikita"]
[Result "1-0"]
[WhiteElo "2375"]
[BlackElo "2170"]
[PlyCount "63"]
[EventDate "2011.07.23"]
[EventType "swiss"]
[EventRounds "9"]
[EventCountry "CAN"]

1. e4 e5 2. Nf3 Nc6 3. Bc4 Nf6 4. d3 Be7 5. c3 O-O 6. O-O d6 7. h3 Na5 8. Bb5
a6 9. Ba4 b5 10. Bc2 c5 11. Be3 Qc7 12. Nbd2 d5 13. d4 Bb7 14. Nxe5 Nxe4 15. f3
Nxd2 16. Bxd2 cxd4 17. cxd4 Nc4 18. f4 Nxd2 19. Qxd2 Bf6 20. Kh1 g6 21. Ng4 Qb6
22. f5 g5 23. h4 h6 24. Nxh6+ Kg7 25. hxg5 Rh8 26. Rf3 Bxd4 27. f6+ Kf8 28. g6
fxg6 29. Qg5 Qc7 30. Qxg6 Rc8 31. Re1 Bc6 32. Re7 1-0

[Event "Quebec op inv."]
[Site "Montreal CAN"]
[Date "2011.07.24"]
[Round "3"]
[White "Kraiouchkine, Nikita"]
[Black "Roy, Myriam"]
[Result "1/2-1/2"]
[WhiteElo "2170"]
[BlackElo "1935"]
[PlyCount "48"]
[EventDate "2011.07.23"]
[EventType "swiss"]
[EventRounds "9"]
[EventCountry "CAN"]

1. e4 c6 2. d4 d5 3. f3 Nf6 4. Nc3 e6 5. e5 Nfd7 6. f4 c5 7. Nf3 Nc6 8. Be3 Qb6
9. Na4 Qa5+ 10. c3 cxd4 11. b4 Nxb4 12. cxb4 Bxb4+ 13. Bd2 Bxd2+ 14. Nxd2 b5
15. Nb2 Nc5 16. a4 Bd7 17. axb5 Qc3 18. Rc1 Qa3 19. Rb1 Qe3+ 20. Qe2 Qxf4 21.
Nf3 f6 22. g3 Qf5 23. Nd3 fxe5 24. Nfxe5 Ne4 1/2-1/2

[Event "Quebec op inv."]
[Site "Montreal CAN"]
[Date "2011.07.25"]
[Round "4"]
[White "Bolduc, Steve"]
[Black "Kraiouchkine, Nikita"]
[Result "1/2-1/2"]
[WhiteElo "2230"]
[BlackElo "2170"]
[PlyCount "87"]
[EventDate "2011.07.23"]
[EventType "swiss"]
[EventRounds "9"]
[EventCountry "CAN"]

1. d4 d5 2. c4 c6 3. Nf3 Nf6 4. e3 Bg4 5. Qb3 Qb6 6. Nh4 g6 7. h3 Bd7 8. Nc3 e6
9. c5 Qc7 10. Bd3 b6 11. cxb6 axb6 12. e4 dxe4 13. Nxe4 Nd5 14. Nc3 Bg7 15. Nf3
O-O 16. O-O Bc8 17. Bg5 Nxc3 18. bxc3 Ba6 19. c4 c5 20. dxc5 bxc5 21. Rab1 Nc6
22. Qb6 Qxb6 23. Rxb6 Nb4 24. Be2 Nxa2 25. Nd2 Rfb8 26. Rfb1 Nb4 27. Rxb8+ Rxb8
28. Ne4 Bf8 29. Be3 Rc8 30. Nxc5 Bxc5 31. Bxc5 Rxc5 32. Rxb4 Kg7 33. f4 g5 34.
Rb6 Bxc4 35. Bxc4 Rxc4 36. fxg5 Kg6 37. Rb7 Rf4 38. g3 Rf5 39. h4 f6 40. Re7
fxg5 41. Rxe6+ Kf7 42. Re4 gxh4 43. Rxh4 Kg6 44. Kg2 1/2-1/2

[Event "Quebec op inv."]
[Site "Montreal CAN"]
[Date "2011.07.26"]
[Round "5"]
[White "Kraiouchkine, Nikita"]
[Black "Berube, Antoine"]
[Result "1-0"]
[WhiteElo "2170"]
[BlackElo "2142"]
[PlyCount "97"]
[EventDate "2011.07.23"]
[EventType "swiss"]
[EventRounds "9"]
[EventCountry "CAN"]

1. e4 c5 2. Nf3 d6 3. d4 cxd4 4. Nxd4 Nf6 5. Nc3 a6 6. Bc4 e6 7. Bb3 Nbd7 8. f4
Nc5 9. f5 Be7 10. O-O O-O 11. fxe6 fxe6 12. Nf5 Nxb3 13. Nxe7+ Qxe7 14. axb3 h6
15. Qd3 Bd7 16. Bf4 e5 17. Be3 Bc6 18. Rad1 Rad8 19. Bb6 Rd7 20. Nd5 Bxd5 21.
exd5 Qe8 22. Qh3 Rdf7 23. Qe6 Qd7 24. Qxd7 Nxd7 25. Rxf7 Kxf7 26. Rf1+ Ke7 27.
Rxf8 Kxf8 28. Ba5 Ke7 29. h3 b6 30. Bd2 Nf6 31. c4 Ne4 32. Be3 Nc5 33. b4 Nd3
34. b3 b5 35. Bd2 bxc4 36. bxc4 Nb2 37. c5 dxc5 38. bxc5 Nd3 39. c6 Kd6 40. Bc3
g6 41. Kf1 h5 42. h4 a5 43. Bxa5 Nf4 44. c7 Kd7 45. d6 Ne6 46. Bc3 g5 47. hxg5
Nxg5 48. Bxe5 h4 49. Bf4 1-0

[Event "Quebec op inv."]
[Site "Montreal CAN"]
[Date "2011.07.27"]
[Round "6"]
[White "Voskanyan, Vahagn"]
[Black "Kraiouchkine, Nikita"]
[Result "0-1"]
[WhiteElo "2261"]
[BlackElo "2170"]
[PlyCount "56"]
[EventDate "2011.07.23"]
[EventType "swiss"]
[EventRounds "9"]
[EventCountry "CAN"]

1. d4 d5 2. c4 c6 3. Nf3 Nf6 4. Qc2 dxc4 5. Qxc4 Bf5 6. Nc3 e6 7. g3 Nbd7 8.
Bg2 Be7 9. O-O O-O 10. Rd1 Bc2 11. a4 Bxd1 12. Nxd1 c5 13. dxc5 Nxc5 14. Nc3
Rc8 15. Be3 Nce4 16. Qb3 Nxc3 17. bxc3 b6 18. Nd4 Nd5 19. Bd2 Bf6 20. Rd1 Qc7
21. Rc1 Qc4 22. Qd1 Rfd8 23. Bf1 Nxc3 24. Rxc3 Qxd4 25. Rxc8 Rxc8 26. e3 Qd5
27. Qe1 Rd8 28. Bb4 Qd1 0-1

[Event "Quebec op inv."]
[Site "Montreal CAN"]
[Date "2011.07.28"]
[Round "7"]
[White "Kraiouchkine, Nikita"]
[Black "Leroux, Jean Pierre"]
[Result "0-1"]
[WhiteElo "2170"]
[BlackElo "2517"]
[PlyCount "66"]
[EventDate "2011.07.23"]
[EventType "swiss"]
[EventRounds "9"]
[EventCountry "CAN"]

1. e4 c6 2. d4 d5 3. Nc3 g6 4. e5 h5 5. h4 Nh6 6. Bxh6 Bxh6 7. g3 c5 8. f4 Nc6
9. dxc5 Qa5 10. Qxd5 Nb4 11. Qg2 Bf5 12. Bb5+ Kf8 13. Ba4 Qxc5 14. a3 Nc6 15.
Nge2 Nxe5 16. fxe5 Rd8 17. Rd1 Kg7 18. b4 Qe3 19. Rd5 e6 20. Rd6 Rc8 21. Kf1
Rxc3 22. Nxc3 Qxc3 23. Qxb7 Qa1+ 24. Kf2 Qxe5 25. Rd7 Qe3+ 26. Kf1 Rf8 27. Bc6
Qc1+ 28. Ke2 Qxc2+ 29. Ke1 Qc1+ 30. Ke2 Qe3+ 31. Kd1 Qb3+ 32. Ke2 Bg4+ 33. Bf3
Qe3+ 0-1

[Event "Quebec op inv."]
[Site "Montreal CAN"]
[Date "2011.07.29"]
[Round "8"]
[White "Macak, Stefan"]
[Black "Kraiouchkine, Nikita"]
[Result "1-0"]
[WhiteElo "2391"]
[BlackElo "2170"]
[PlyCount "167"]
[EventDate "2011.07.23"]
[EventType "swiss"]
[EventRounds "9"]
[EventCountry "CAN"]

1. d4 d5 2. c4 c6 3. Nf3 Nf6 4. Qc2 dxc4 5. Qxc4 Bf5 6. g3 e6 7. Bg2 Nbd7 8.
O-O Be7 9. e3 O-O 10. Rd1 Ne4 11. Nbd2 Qc7 12. Ne1 Nd6 13. Qe2 c5 14. dxc5 Nxc5
15. e4 Bg6 16. b3 f5 17. e5 Nde4 18. Bb2 Nxd2 19. Rxd2 Rfd8 20. Rad1 Ne4 21.
Rxd8+ Rxd8 22. Rxd8+ Qxd8 23. Bc1 Qc7 24. Be3 Qxe5 25. Bxa7 Qa1 26. Bf1 Bf7 27.
Nd3 Bf6 28. Qc2 Nc3 29. Nc1 h6 30. Be3 Kh7 31. a4 Bh5 32. Kg2 Nd5 33. Bd2 Qe5
34. Bc4 Be8 35. Be2 Bc6 36. Bf3 g5 37. h3 h5 38. Nd3 Qd6 39. Qc5 Qd7 40. Kh2
Ne7 41. Qe3 Nd5 42. Qe2 g4 43. Bg2 e5 44. Bc1 e4 45. Nf4 Nxf4 46. Bxf4 Qd5 47.
Bc1 Qxb3 48. Qd2 Bg7 49. Qg5 Qf7 50. a5 Bb5 51. h4 Ba6 52. Be3 Bc4 53. Bh1 Bc3
54. Qd8 Bf6 55. Qd6 Qe7 56. Qf4 Qe5 57. Qh6+ Kg8 58. Qxh5 Bf7 59. Qh6 Bd8 60.
Bg5 Qxa5 61. Bf6 Bxf6 62. Qxf6 Qd5 63. Bg2 b5 64. Bf1 b4 65. h5 Qe6 66. Qd4 b3
67. Kg1 Kh7 68. Bb5 Qd5 69. Qf6 Qe6 70. Qd4 Qh6 71. Bd7 Qxh5 72. Qf6 Bg6 73.
Be6 Qh6 74. Bxb3 Qc1+ 75. Kg2 Qc7 76. Bg8+ Kh6 77. Qh8+ Bh7 78. Qf6+ Bg6 79.
Be6 Qg7 80. Qh4+ Bh5 81. Bxf5 e3 82. Qd8 Qb7+ 83. Kh2 exf2 84. Qf6+ 1-0